| 000 | 00836nam a22002417a 4500 | ||
|---|---|---|---|
| 005 | 20091005120452.0 | ||
| 008 | 091005t xxu||||| |||| 00| 0 eng d | ||
| 010 | _aENG-95070 | ||
| 020 |
_a9788189781965 _c150.00 |
||
| 035 | _aEN-78602 | ||
| 037 | _bDBAD/PUB | ||
| 040 |
_aDPL _bENG |
||
| 082 | _a611 | ||
| 100 | _aMarjit, Bani | ||
| 240 |
_aGeneral Anatomy, Genetics Histology and Embryology _hENG |
||
| 245 |
_aGeneral anatomy, genetics histology and embryology _cBani Marjit |
||
| 250 | _a5th ed, | ||
| 260 |
_aAcademic Publishers _c2009 |
||
| 270 |
_a5A, Bhawani Dutta Lane _bKolkata _e700073 |
||
| 300 |
_aVarious pagings _c24cm(pbk) |
||
| 942 |
_2ddc _cEN _mMAR _h611 |
||
| 999 |
_c30774 _d30774 |
||